00319pab a2200121 454500008004000000100001800040245005300058260000900111300001300120362001000133650002000143773003400163180718b2013 xxu||||| |||| 00| 0 eng d aPatel, Vikram aLegislating the right to care for mental illness c2013 ap.73-77. a2 Mar aMental diseases aEconomic and Political Weekly